Quizzes
Events
Quiz Creation
Community
Videos
Private Events
Remove Ads
Sign In
Join for FREE
Feedback
Dark Mode
Quiz Categories
Sports
Geography
Music
Movies
Television
Just For Fun
Miscellaneous
History
Literature
Language
Science
Gaming
Entertainment
Religion
Holiday
For Kids
Quiz Lab
Recent
Popular Today
Quiz Kudos Today
Editor Picks
Curator Picks
Quizzes by...
Day
Popularity
Type
Ratings
Length
Year
Community
Subscriptions
Recent Discussions
Orange Saloon
Badges
Playlists
Quests
Create
Leaderboards
Showdown
Live 5
Trivia Bingo
Activity
Puzzle Library
Sporcle Events
Private Events
Virtual Trivia
Globe League
Become a Host
Pub Owners
SporcleCon
Opinionation
Our Games
Videos
Blog
Mobile Apps
Partnerships
Remove Ads and Go Orange
Feedback
Music
Pop Music
The Beatles
Song
Album
Lyrics
Bands
Singers
Artist
Clip
Rock
Rap
Classical
Billboard
Country Music
Kpop
Taylor Swift
Music
Pop Music
The Beatles
Song
Album
Lyrics
Bands
Singers
Artist
Clip
Rock
Rap
Classical
Billboard
Country Music
Kpop
Taylor Swift
Random Quiz
Search Sporcle
×
Quiz Lab
Quiz Lab
Music
Album
Type in answers that appear in a list
Type in answers that appear in a list
Classic
Best Score? Go Orange.
Bands/Artists by Second Studio Album Stats
Can you name the bands/artists by their second studio album?
By
UnoriginalAlias
6m
50 Questions
86 Plays
86 Plays
86 Plays
Comments
Comments
Give Quiz Kudos
Give Quiz Kudos
-
- Ratings
hide this ad
Replay
Link that replays current quiz
Next Quiz
Link to next quiz in quiz playlist
You Got
0%
They Got
Avg Score
47%
Avg Friend Score
Upgrade to see
Score Distribution
Jump to the score distribution portion of the page
Score
0/50
Timer
06:00
0
Plays Today
Second Album
Band/Artist
% Correct
Nevermind
Nirvana
97.7%
Surfin' USA
The Beach Boys
96.5%
Like a Virgin
Madonna
95.3%
The Slim Shady LP
Eminem
94.2%
(What's the Story) Morning Glory?
Oasis
89.5%
Sounds of Silence
Simon & Garfunkel
84.9%
The Wild, the Innocent & the E Street Shuffle
Bruce Springsteen
81.4%
Use your Illusion I
Guns N' Roses
77.9%
The Bends
Radiohead
74.4%
T.N.T.
ACDC
72.1%
Ride the Lightning
Metallica
70.9%
Vs.
Pearl Jam
69.8%
Waterloo
ABBA
66.3%
Neon Bible
Arcade Fire
62.8%
The Downward Spiral
Nine Inch Nails
62.8%
Axis: Bold as Love
Jimi Hendrix Experience
60.5%
Surfer Rosa
Pixies
58.1%
October
U2
58.1%
Demon Days
Gorillaz
54.7%
De Stijl
The White Stripes
53.5%
White Light/
White Heat
The Velvet Underground
50%
Ben
Michael Jackson
50%
A Saucerful of Secrets
Pink Floyd
47.7%
In the Aeroplane Over the Sea
Neutral Milk Hotel
47.7%
Freaky Styley
Red Hot Chili Peppers
46.5%
Second Album
Band/Artist
% Correct
Give 'Em Enough Rope
The Clash
45.3%
A Quick One
The Who
45.3%
Fly by Night
Rush
45.3%
Kerplunk
Green Day
44.2%
Ágætis byrjun
Sigur Rós
40.7%
Closer
Joy Division
37.2%
Reckoning
R.E.M
37.2%
Room on Fire
The Strokes
33.7%
Origin of Symmetry
Muse
32.6%
Discovery
Daft Punk
31.4%
The Lonesome Crowded West
Modest Mouse
27.9%
7800° Fahrenheit
Bon Jovi
27.9%
Antics
Interpol
23.3%
A Northern Soul
The Verve
20.9%
In the Wake of Poseidon
King Crimson
18.6%
You Could Have it So Much Better
Franz Ferdinand
18.6%
Confusion is Sex
Sonic Youth
17.4%
Second Coming
The Stone Roses
16.3%
Trespass
Genesis
15.1%
Communiqué
Dire Straits
14%
The Odd Couple
Gnarls Barkley
11.6%
Mr. Wonderful
Fleetwood Mac
7%
Look into the Future
Journey
7%
Freaks
Pulp
4.7%
Bridging the Gap
The Black Eyed Peas
3.5%
Quiz Playlist
Details
Report
Send in Message
Add To Playlist
Classic:
Type in answers that appear in a list
Last Updated: Feb 16, 2017
Quiz Scoreboard
CHALLENGE
Sign Up to Join the Scoreboard
Show All
Scores
Hide
Comments
May contain spoilers
Recently Published
An Introduction to Baseball
by treessimontrees
Sports
5m
Movies - When Are They Set?
by FPL_Elf
Movies
5m
Popular People in 1961
by mucciniale
History
6m
More to Explore
Quiz From the Vault
Featured Blog Post
Where Did the Easter Bunny Come From?
hide this ad
You Might Also Like...
Tags
Album Quiz
Artist Quiz
Bands Quiz
second
studio
Today's Top Quizzes in Music
Browse Music
hide this ad
Today's Top Quizzes in Album
Browse Album
Top Contributed Quizzes in Music
1
Taylor Swift All Songs (2024)
2
Guess the Artist- 70s Songs
3
One Thing in Common: Music
4
KPOP LOGIC QUIZ
5
2010s Album by Cover III
6
Taylor Swift Logic Puzzle
7
Guess the Taylor Swift song (Mystery Song)
8
7-to-1: Billboard Hot 100 #1 Hits of 2010s
9
2010s Album by Cover IV
10
2010s Album by Cover V
Explore More
Trending Topics
Crossword
Harry Potter
Marvel
Kpop
Disney
Anime
NBA
Puzzle
Pokémon
NFL
WWE
The Office
Song
Soccer
Country
hide this ad
More By:
UnoriginalAlias
Quiz
Plays
Rating
Category
Featured
Created
Albums by Album Cover
119
4.00
Music
Dec 22, 2011
Bands/Artists by Second Studio Album
86
3.67
Music
Apr 3, 2011
Go to Creator's Profile
Score Distribution
Quiz Creator Spotlight
UnoriginalAlias
Follow
Send a Message
Quizzes Created
-
Created Quiz Play Count
-
More By This Creator
Popular Quizzes Today
1
Find the Countries of Europe - No Outlines Minefield
2
Find the US States - No Outlines Minefield
3
The Countries of the World
4
Popular People in 1961
5
Find the US States
6
US States
7
1-10 Letter E Words III
8
Risky Map Clicking: Biggest States A-Z
More Music Quizzes
Adjectives in '00s Songs
Published
Trending Quizzes
Risky Map Clicking: Least Populous States A-Z
1-10 Letter F Words
1-10 Letter G Words
Not Quite an Element Typing Challenge
One Thing in Common: United Kingdom
Recently Updated
Leaping Animals
pecheneg
Reality TV Shows (A-Z)
bhenderson79
Rickey Henderson's Hall of Fame Teammates
pecheneg
Champions League XIs: Arsenal
pecheneg
Quick Pick: Celebrities in WWE's Hall of Fame
aduchscher
A-Z Keypad Blitz II
pecheneg
Multiple Oscar Actors
pecheneg
Mystery Phrase Blitz: Oscar 'Best Actors'
pecheneg
F. Scott Fitzgerald Novels
LTH
Pick 3 Villains
ddd62291
Trending Topics
Anime
Crossword
Harry Potter
Disney
NBA
Kpop
Marvel
NFL
Puzzle
WWE
The Office
Pokémon
Song
Soccer
Country
Your Account Isn't Verified!
In order to create a playlist on Sporcle, you need to verify the email address you used during registration. Go to your
Sporcle Settings
to finish the process.
Report this User
Report this user for behavior that violates our
Community Guidelines
.
Details:
Send Report
Go to the Sporcle.com Mobile Site →
Comments